00968cam a2200277 a 450000100040000000500170000402000150002104000230003605000230005908200140008210000210009624500460011725000120016326000410017530000240021649000370024050000450027750500080032252002320033052100200056252100200058265000230060265000220062565000300064765000130067787320240326113330.0 a0439435366 aDLCcDLCdDLCbeng00aPZ7.C6837bGr 200500a[Fic]2211 aCollins, Suzanne10aGregor the Overlander /cSuzanne Collins. a1st ed. aNew York :bScholastic Press,c2005. a245 pages :c21 cm. 3The Underland ChroniclesvBook 1 aSequel: Gregor and the prophecy of Bane. aR  aWhen eleven-year-old Gregor and his two-year-old sister are pulled into a strange underground world, they trigger an epic battle involving men, bats, rats, cockroaches, and spiders while on a quest foretold by ancient prophecy. a690 bLexile  aR bRaz-Plus  1aSiblingsvFiction. 1aAnimalsvFiction. 1aMissing personsvFiction. 1aFantasy.